000 00930aab a2200181 i 4500
001 768714001
003 CO-MdFUSB
005 20240422113346.0
008 240404t1990 ag ||||| |||| 00| 0 spa d
040 _bspa
_cCO-MdFUSB
041 _aspa
245 3 _aLa corrupción en el mundo empresarial
300 _aVolumen 9 número 2 (junio, 1990) páginas: 20 - 21
_c; 27 cm
520 _aNarra la experiencia de un trabajador que luego de tener una conversación con una persona cansada de la dinámica del sistema, regresa a casa, y comienza a pensar en todos los aspectos de la corrupción en la vida empresarial. A continuación, da su testimonio sobre la práctica ilegal que, hacía en su trabajo, y relata cómo su fe en Dios, le permitió mantener su postura.
650 7 _aÉtica social.
_9186
773 0 _tIglesia y Misión
_049402
_959664
_gVolumen 9 número 2 (junio, 1990) páginas: 20 - 21
_qpágina: 20
942 _cANA
999 _c51885
_d51885